All 250+ 'D' Boy Names that have ever ranked in the top 1000 (US) - Statistics

General Stats
  • This quiz has been taken 66 times
  • The average score is 96 of 282
Answer Stats
Highest Rank Male name % Correct
86 Dan
100%
512 Danial
100%
5 Daniel
100%
884 Danielle
100%
904 Dann
100%
406 Dannie
100%
980 Danniel
100%
39 Danny
100%
1 David
100%
51 Don
94%
424 Donn
94%
78 Dean
92%
621 Donal
88%
862 Donna
88%
7 Donald
85%
95 Dave
83%
666 Del
83%
390 Devan
77%
479 Deven
77%
58 Devin
77%
119 Devon
77%
600 Devyn
77%
660 Dilan
77%
553 Dillan
77%
73 Dillon
77%
23 Dylan
77%
809 Dyllan
77%
642 Dylon
77%
517 Domenic
71%
618 Domenick
71%
882 Domenico
71%
68 Dominic
71%
203 Dominick
71%
500 Dominik
71%
180 Dominique
71%
673 Dominque
71%
903 Domonique
71%
150 Donnie
71%
378 Donny
71%
832 Deane
69%
196 Drake
69%
619 Dameon
67%
99 Damian
67%
182 Damien
67%
352 Damion
67%
271 Daren
67%
123 Darin
67%
493 Daron
67%
52 Darren
67%
102 Darrin
67%
408 Darron
67%
817 Darryn
67%
716 Daryn
67%
277 Denis
67%
17 Dennis
67%
664 Dereck
67%
50 Derek
67%
763 Deric
67%
338 Derick
67%
638 Derik
67%
892 Derrek
67%
74 Derrick
67%
170 Doug
63%
23 Douglas
63%
575 Douglass
63%
741 Dash
60%
126 Drew
60%
295 Dexter
58%
112 Damon
56%
757 Davey
56%
781 Davie
56%
525 Davy
56%
255 Dee
56%
142 Dick
56%
991 Dustan
56%
41 Dustin
56%
214 Dallas
54%
338 Davis
54%
449 Davon
54%
46 Dale
52%
152 Darius
52%
569 Darrius
52%
468 Dell
52%
579 Dennie
52%
325 Denny
52%
398 Dorian
52%
230 Dane
50%
998 Dayne
50%
139 Dawson
48%
443 Dax
48%
678 Donavan
48%
968 Donavon
48%
185 Donovan
48%
87 Dalton
44%
200 Dante
44%
835 Darell
44%
251 Darrel
44%
86 Darrell
44%
68 Darryl
44%
861 Darryle
44%
955 Darryll
44%
161 Daryl
44%
697 Daryle
44%
997 Daulton
44%
422 Denver
44%
302 Dewayne
44%
105 Duane
44%
743 Duwayne
44%
525 Dwain
44%
722 Dwaine
44%
853 Dwane
44%
119 Dwayne
44%
996 Dwyane
44%
102 Declan
42%
541 Duke
42%
500 Darien
40%
590 Darion
40%
904 Darrian
40%
892 Darrien
40%
734 Darrion
40%
265 Desmond
40%
483 Dickie
40%
58 Diego
40%
404 Dino
40%
483 Deon
38%
344 Dion
38%
378 Duncan
38%
394 Darian
35%
172 Dana
33%
784 Demetri
33%
503 Dimitri
33%
922 Dakoda
31%
56 Dakota
31%
750 Dakotah
31%
299 Darwin
31%
752 Darwyn
31%
498 Dayton
31%
871 Darcy
29%
868 Derl
29%
984 Desi
29%
742 Destin
29%
415 Doc
29%
186 Dock
29%
525 Doris
29%
836 Dorris
29%
354 Dusty
29%
807 Dixon
27%
549 Dora
27%
123 Dwight
27%
914 Darry
25%
952 Doll
25%
635 Dario
23%
288 Daxton
23%
453 Deacon
23%
949 Della
23%
961 Demetrios
23%
280 Demetrius
23%
724 Denton
23%
996 Dimitrios
23%
371 Dirk
23%
199 Doyle
23%
291 Dudley
23%
305 Darnell
21%
580 Davin
21%
721 Darby
19%
726 Deborah
19%
848 Debra
19%
111 Dewey
19%
782 Dixie
19%
762 Daisy
17%
331 Denzel
17%
834 Denzell
17%
589 Denzil
17%
480 Dorothy
17%
683 Dow
17%
737 Dallin
15%
980 Daylen
15%
998 Decker
15%
983 Delma
15%
722 Delton
15%
971 Diamond
15%
713 Dolores
15%
970 Dorr
15%
530 Dangelo
13%
347 Dariel
13%
454 Deangelo
13%
613 Dolph
13%
701 Doss
13%
796 Damari
10%
642 Davian
10%
429 Davion
10%
494 Delano
10%
150 Delbert
10%
307 Delmar
10%
405 Delmer
10%
551 Doctor
10%
967 Dabney
8%
923 Dalvin
8%
795 Damir
8%
563 Dashawn
8%
803 Davante
8%
250 Deandre
8%
747 Delvin
8%
1000 Desean
8%
821 Deshaun
8%
411 Deshawn
8%
199 Devante
8%
708 Devontae
8%
226 Devonte
8%
487 Domingo
8%
945 Duff
8%
994 Damarcus
6%
909 Darvin
6%
491 Davonte
6%
443 Demarcus
6%
638 Derwin
6%
931 Dink
6%
842 Dior
6%
734 Dontae
6%
400 Donte
6%
637 Draven
6%
977 Drury
6%
823 Dedric
4%
702 Dedrick
4%
610 Deforest
4%
720 Dejuan
4%
749 Delphin
4%
868 Deontae
4%
487 Deonte
4%
795 Derrell
4%
990 Deryl
4%
826 Dionte
4%
992 Donato
4%
796 Donell
4%
482 Donnell
4%
857 Dorman
4%
727 Dutton
4%
666 Dakari
2%
565 Dandre
2%
387 Daquan
2%
591 Darold
2%
445 Darrick
2%
894 Deante
2%
893 Deegan
2%
970 Delwin
2%
547 Demario
2%
391 Demond
2%
579 Dempsey
2%
665 Dequan
2%
479 Deron
2%
594 Dillard
2%
966 Dionicio
2%
352 Dorsey
2%
606 Durell
2%
724 Durrell
2%
562 Damarion
0%
907 Damond
0%
916 Davonta
0%
411 Deion
0%
975 Dejon
0%
565 Delmas
0%
940 Delmus
0%
680 Delos
0%
775 Demarco
0%
670 Demarion
0%
983 Demetric
0%
760 Deondre
0%
839 Deonta
0%
813 Derald
0%
926 Dereon
0%
570 Devonta
0%
984 Deward
0%
280 Dewitt
0%
917 Diallo
0%
539 Dillion
0%
506 Dolphus
0%
714 Donaciano
0%
850 Dondre
0%
814 Donta
0%
882 Dozier
0%
510 Durward
0%
803 Durwood
0%
No matching quizzes found
Score Distribution
Percent of People with Each Score
Percentile by Number Answered
Your Score History
You have not taken this quiz